000 00949cam a2200205 4500
001 ABS65413
008 020507n2002 000 0 eng u
035 _a(Sirsi) u117842
100 _aCook, P.
245 4 _aThe tenancy deposit scheme: why bother?
260 _c2002
490 _aAgreement
_v9(2) April 2002, 6-7(2)
520 _aEncourages the use of the Tenancy Deposit scheme to protect tenants against unscrupulous landlords. Landlords can choose for deposits to be held in specific building society accounts or by themselves subject to insurance arrangements which will ensure deposit is safely returned to a tenant if retention is not justified. Any dispute can be adjudicated by Housing Ombudsman.
590 _aABS
650 _aTENANCY DEPOSIT SCHEME (TDS)
650 _aDEPOSITS
650 _aHOUSING OMBUDSMAN
690 _aPROPERTY-RESIDENTIAL PROPERTY-RESIDENTIAL LANDLORD AND TENANT-RESIDENTIAL TENANCIES
942 _n0
999 _c70169
_d70169